The age of revolution 1789-1848

Gardado en:
Detalles Bibliográficos
Autor Principal: Hobsbawm, Eric J (Author)
Formato: Libro
Idioma:inglés
Publicado: Nueva York Mentor Book 1962
Subjects:
Tags: Engadir etiqueta
Sen Etiquetas, Sexa o primeiro en etiquetar este rexistro!

MARC

LEADER 00000nam a2200000 a 4500
001 UCP6374
003 CL-VaPUC
008 991022e19620000US |||||||||||||||||eng|d
082 0 4 |a 940.27  |b HOB  |2 21 
100 |a Hobsbawm, Eric J  |e author  |9 484887 
245 1 4 |a The age of revolution 1789-1848 
300 |a 416 p 
942 |c BK 
945 |d 19991022 00:00:00  |a lriquelm 
260 |a Nueva York  |b Mentor Book  |c 1962 
650 7 |a HISTORIA 1788-1848  |2 CL-VaPUC  |9 322185 
650 7 |a HISTORIA DE EUROPA SIGLO 19  |2 CL-VaPUC  |9 318727 
650 0 |a Industrialización  |9 263687 
650 0 |a Desarrollo cultural  |9 267526 
651 0 |a Europa  |9 255156 
999 |c 283961  |d 283959 
583 |k Rodrigo Vera 
952 |0 0  |1 0  |4 0  |6 940_270000000000000_HOB_1962  |7 0  |8 A  |9 327526  |a BIBHIS  |b BIBHIS  |d 2019-11-20  |i 1383388  |o 940.27 HOB 1962  |p 1383388  |r 2025-01-20  |w 2019-11-20  |y BK  |k HIS